00696nam a22001697a 4500020001600000082000800016100002400024245011400048260003500162300003000197650005500227700003800282856005700320942001200377999001900389952011800408 qHard Cover. a200 aMuhammad Faraz Khan aOptimization of machining parameters for ADC10 Aluminium Alloy using Taguchi Approach /cKhan Muhammad Faraz  aKarachi :bPNEC - NUST,c2013. axi, 42 p. : ill. ;c30cm. aMS-Industrial & Manufacturing Engineering 9127273 aSupervisor. Salman Nisar.9127276 uhttp://10.250.8.41:8080/xmlui/handle/123456789/22346 2ddccSC c535477d535477 00102ddc406200_000000000000000709498523aCLbCLcTHEd2020-09-11o200pCL-T-6217r2020-09-11w2020-09-11ySC